Pueblos del Táchira / (Registro nro. 54544)
[ vista simple ]
| 000 -CABECERA | |
|---|---|
| Longitud fija campo de control | 00758nam a2200229Ii 4500 |
| 005 - FECHA Y HORA DE LA ULTIMA TRANSACCION | |
| Fecha y hora de la última transacción | 20250912181038.0 |
| 008 - CODIGOS DE INFORMACION DE LONGITUD FIJA | |
| Códigos de información de longitud fija | 241108s9999||||xx |||||||||||||| ||und|| |
| 040 ## - FUENTE DE LA CATALOGACION | |
| Centro catalogador de origen | CO-ViMGA |
| Lengua de catalogación | spa |
| Normas de descripción | rda |
| Centro transcriptor | CO-ViMGA |
| 084 ## - Clasificación Local Alfanúmerica PNLB | |
| Número de clasificación | P PAR17p |
| 100 1# - PUNTO DE ACCESO PRINCIPAL-NOMBRE DE PERSONA | |
| Nombre de persona | Paredes, Pedro Pablo |
| Fechas asociadas al nombre | 1917-2009 |
| Término indicativo de función | autor |
| 245 10 - TITULO PROPIAMENTE DICHO | |
| Título | Pueblos del Táchira / |
| Mención de responsabilidad, etc. | Pedro Pablo Paredes |
| 264 #1 - PRODUCCION, PUBLICACION , DISTRIBUCION, FABRICACION Y COPYRIGHT | |
| Lugar de producción, publicación, distribución, fabricación | Carracas, Venezuela : |
| Nombre del productor, editor, distribuidor, fabricante | Italgráfica, |
| Fecha de de producción, publicación, distribución, fabricación o copyright | 1982 |
| 300 ## - DESCRIPCION FISICA | |
| Extensión | 263 páginas |
| Dimensiones | 22 cm. |
| 336 ## - TIPO DE CONTENIDO | |
| Término de tipo de contenido | texto |
| Código de tipo de contenido | txt |
| Fuente | rdacontenido |
| 337 ## - TIPO DE MEDIO | |
| Nombre del tipo de medio | no mediado |
| Código del tipo de medio | n |
| Fuente | rdamedio |
| 338 ## - TIPO DE SOPORTE | |
| Nombre del tipo de soporte | volume |
| Código del tipo de soporte | nc |
| Fuente | rdasoporte |
| 490 ## - MENCION DE SERIE | |
| Mención de serie | Biblioteca de autores y temas tachirenses |
| 650 17 - PUNTO DE ACCESO ADICIONAL DE MATERIA - TERMINO DE MATERIA | |
| Término de materia o nombre geográfico como elemento inicial | Poesía venezolana. |
| Fuente del encabezamiento | BLAAUTO |
| 651 ## - PUNTO DE ACCESO ADICIONAL DE MATERIA - NOMBRE GEOGRAFICO | |
| Nombre geográfico | Táchira, Venezuela |
| Subdivisión de forma | Poesías. |
| 942 ## - ENTRADA DE ELEMENTOS AGREGADOS (KOHA) | |
| Koha [por defecto] tipo de item | Libro Literatura |
| Fuente de clasificaión o esquema | Dewey Decimal Classification |
| Perdido | Fuente de clasificación o esquema | Estado Físico | No para préstamo | Forma de adquisición | Localización permanente | Localización actual | Localización en estanterías | Fecha adquisición | Signatura completa | Código de barras | Fecha última consulta | Número de copia | Fecha del precio de reemplazo | Tipo de item de Koha | Note pública |
|---|---|---|---|---|---|---|---|---|---|---|---|---|---|---|---|
| Dewey Decimal Classification | Sala General | Biblioteca Pública Departamental Eduardo Carranza - Villavicencio | Biblioteca Pública Departamental Eduardo Carranza - Villavicencio | Literatura | 11/27/2006 | P PAR17p | 918 P227p | ECA8638 | 11/26/2024 | Ej.1 | 11/26/2024 | LIbro | 8230 | 11500 |